000 00390 a2200109 4500
001 ART_12607
005 20260410161907.0
008 260409a
245 1 0 _aThe Adjustment Processes of Labour Co-operatives with Constant Returns to Scale and Perfect Competition
100 1 _aMeade, James E.
773 0 _tThe Economic Journal
_g- Vol. 89, NÂș 356 (dic. 1979)
_wREV12512
999 _c26501
_d26501